[Event "Finkenstein op"]
[Site "Finkenstein"]
[Date "1995.??.??"]
[Round "6"]
[White "Petek, Pavel"]
[Black "Keller, M."]
[Result "1/2-1/2"]
[WhiteElo "2065"]
[BlackElo "2235"]

1.c4 e6 2.Nf3 d5 3.g3 Nf6 4.Bg2 Be7 5.O-O O-O 6.b3 c5 7.Bb2 Nc6 8.e3 b6 9.Qe2 Bb7
10.Rd1 dxc4 11.bxc4 Qc7 12.Na3 a6 13.d4 Rfd8 14.Nc2 Rac8 15.Rac1 Qb8 16.Nce1 Na5
17.Bc3 Nxc4 18.dxc5 b5 19.Rxd8+ Rxd8 20.Nd3 Be4 21.Nfe5 Qa8 22.c6 Bxg2 23.Kxg2 Nd5
24.e4 Nxc3 25.Rxc3 Bf6 26.f4 Rc8 27.Nxc4 Bxc3 28.Nb6 Qxc6 29.Nxc8 Qxc8 30.Qc2 Qc4
31.Kf3 h5 32.Nf2 b4 33.e5 a5 34.Qa4 Qd5+ 35.Ke2 Kh7 36.Qc2+ Kg8 37.Ne4 Qc4+
38.Kf3 Qf1+ 39.Ke3 Qg1+ 40.Kf3 Qh1+ 41.Ke3 Qe1+ 42.Kd3 Qf1+ 43.Ke3 Qc4 44.Qd1 Qd5
45.Qd3 Qxa2 46.Qd8+ Kh7 47.Ng5+ Kg6 48.Qd3+ f5 49.exf6 Kxf6 50.Ne4+ Ke7 51.Qd6+ Ke8
52.Qc6+  1/2-1/2

[Event "Gausdal Int"]
[Site "Gausdal"]
[Date "1995.??.??"]
[Round "6"]
[White "McNab, Colin Anderson"]
[Black "Johnsen, Sverre"]
[Result "1-0"]
[WhiteElo "2475"]
[BlackElo "2250"]

1.c4 e6 2.Nf3 d5 3.b3 Nf6 4.g3 a5 5.Bg2 a4 6.O-O axb3 7.Qxb3 Be7 8.d3 Nbd7
9.Nbd2 O-O 10.Qc2 Nc5 11.Rb1 b6 12.Ne5 Bb7 13.d4 Nce4 14.c5 Nxd2 15.Bxd2 Ra7
16.Bb4 Qa8 17.c6  1-0

[Event "BL2-N9495"]
[Site "Germany"]
[Date "1995.??.??"]
[Round "?"]
[White "Geveke, Michael"]
[Black "Borik, Otto"]
[Result "1-0"]
[WhiteElo "2345"]
[BlackElo "2415"]

1.c4 e6 2.Nf3 d5 3.g3 Nf6 4.Bg2 c5 5.O-O Nc6 6.d4 dxc4 7.Qa4 Bd7 8.dxc5 Na5
9.Qc2 Bxc5 10.e4 Rc8 11.Nc3 Nc6 12.e5 Nb4 13.Qe2 Nfd5 14.Ne4 h6 15.Nfd2 O-O
16.Nxc5 Rxc5 17.Ne4 Rc7 18.Qh5 Be8 19.Qg4 Kh8 20.Bg5 Qd7 21.Qh4 Kg8 22.Nf6+ Nxf6
23.exf6 Qd8 24.Be4 Qd4 25.Bh7+ Kxh7 26.Qxd4 hxg5 27.Qd6  1-0

[Event "BL2-O9495"]
[Site "Germany"]
[Date "1995.??.??"]
[Round "?"]
[White "Pribyl, Josef"]
[Black "Proehl, Holger"]
[Result "1-0"]
[WhiteElo "2420"]
[BlackElo "2285"]

1.c4 e6 2.Nf3 d5 3.g3 Nf6 4.Bg2 Be7 5.b3 O-O 6.Bb2 c5 7.O-O Nc6 8.e3 b6 9.d3 Qc7
10.Nc3 Rd8 11.Qe2 Ba6 12.Rfd1 Rac8 13.h4 Qb8 14.Rac1 Bb7 15.cxd5 Nxd5 16.Nxd5 exd5
17.Ng5 h6 18.Nh3 Bf8 19.Nf4 d4 20.e4 Re8 21.Kh2 Rcd8 22.Rg1 Ne5 23.Rcd1 Bc8
24.Bh3 Bxh3 25.Kxh3 Bd6 26.Bc1 Qc8+ 27.g4 Bb8 28.Nh5 Nc6 29.f4 a5 30.Rdf1 b5
31.f5 Be5 32.f6 g6 33.Ng7 Rd6 34.Nxe8 Qxe8 35.Bxh6 Bxf6 36.Rg2 Ne5 37.Rgf2 Bg7
38.Bf4 Rd7 39.h5 Qe6 40.Bxe5 Qxe5 41.Qf3 Qe7 42.hxg6 fxg6 43.Qf4 Rb7 44.g5 a4
45.bxa4 bxa4 46.Qg4 Qe8 47.Kg2 a3 48.Rc1 Bf8 49.Kg1 Kg7 50.Rf6 Kg8 51.Rcf1 Bg7
52.Qe6+ Qxe6 53.Rxe6 c4 54.dxc4 d3 55.Rd6 Rb2 56.Rf2 Be5 57.Rxd3  1-0

[Event "BL2-S9495"]
[Site "Germany"]
[Date "1995.??.??"]
[Round "?"]
[White "Smejkal, Jan"]
[Black "Fahnenschmidt, Gerhard"]
[Result "1-0"]
[WhiteElo "2510"]
[BlackElo "2395"]

1.c4 e6 2.Nf3 d5 3.d4 Nf6 4.g3 Bb4+ 5.Bd2 Be7 6.Bg2 O-O 7.O-O Nbd7 8.Qc2 c6
9.Bf4 Nh5 10.Bc1 f5 11.Nbd2 Bd6 12.b3 Qe7 13.Bb2 Nhf6 14.Ne5 Ne4 15.Ndf3 Ndf6
16.Nd3 Bd7 17.c5 Bc7 18.Rae1 Be8 19.Bc1 Nd7 20.b4 Bh5 21.Bf4 Bxf4 22.Nxf4 Bf7
23.Nd3 Bh5 24.Rb1 a6 25.a4 g5 26.b5 axb5 27.axb5 Bxf3 28.exf3 Nef6 29.Rfe1 Rfe8
30.Bf1 Qg7 31.Nb4 Nb8 32.Bd3 Kf8 33.Qe2 g4 34.fxg4 fxg4 35.Qe5 cxb5 36.Qd6+ Kf7
37.Re2 Ra6 38.Nxa6 bxa6 39.Rbe1 Ne4 40.Bxe4 dxe4 41.Rxe4 Qg6 42.c6 e5 43.Qc7+ Kf8
44.Rxe5 Rxe5 45.Qxb8+ Re8 46.Rxe8+ Qxe8 47.c7  1-0

[Event "BL2-W9495"]
[Site "Germany"]
[Date "1995.??.??"]
[Round "?"]
[White "Conquest, Stuart"]
[Black "Kuijf, Marinus"]
[Result "1/2-1/2"]
[WhiteElo "2505"]
[BlackElo "2425"]

1.c4 e6 2.Nf3 d5 3.b3 Nf6 4.Bb2 a5 5.Nc3 Bd6 6.e3 c6 7.d4 Nbd7 8.Bd3 Qe7
9.O-O O-O 10.Re1 e5 11.dxe5 Nxe5 12.Nxe5 Bxe5 13.cxd5 cxd5 14.h3 Rd8 15.Qc2 Bd7
16.Rac1 Rac8 17.Qb1 Bb8 18.Ne2 Ne4 19.Nf4 Rxc1 20.Qxc1 Bc6 21.Bd4 Be5 22.Qa1 Bxd4
23.Qxd4 Qb4 24.Re2 Qxd4 25.exd4 Nf6 26.Rc2 Kf8 27.f3 Ke7 28.Kf2 Kd6 29.g4 g6
30.Rc1 Nd7 31.h4 Nf8 32.Ne2 Bd7 33.Ke3 Re8+ 34.Kd2 Ne6 35.Rg1 Nc7 36.Nc3 Ne6
37.Ne2 Nc7  1/2-1/2

[Event "Mittelfranken-ch"]
[Site "Germany"]
[Date "1995.??.??"]
[Round "1"]
[White "Kotissek, Philipp"]
[Black "Triftshaeuser, Armin"]
[Result "1/2-1/2"]
[WhiteElo "2035"]
[BlackElo "1765"]

1.c4 e6 2.Nf3 d5 3.g3 Nf6 4.b3 c6 5.Bg2 Bd6 6.Bb2 Nbd7 7.O-O O-O 8.d3 Qe7
9.Nbd2 Rd8 10.e4 dxe4 11.dxe4 e5 12.Nh4 Ba3 13.Nf5 Qc5 14.Qc1 Bxb2 15.Qxb2 g6
16.b4 Qf8 17.Ne3 Qe7 18.f4 b6 19.f5 g5 20.g4 Bb7 21.h4 h6 22.hxg5 hxg5 23.Qc3 a5
24.a3 a4 25.Rae1 Qd6 26.Qc1 Qd4 27.Nf3 Qxe4 28.Nxg5 Qd3 29.Rd1 Qb3 30.Ne4 Nxe4
31.Bxe4 Nf6 32.Bg2 Rd3 33.Rxd3 Qxd3 34.Rd1 Qe2 35.Re1 Qd3 36.g5 Nh5 37.Bf3 Ng3
38.Kg2 Nxf5 39.Nxf5 Qxf5 40.Be4 Qg4+ 41.Kf2  1/2-1/2

[Event "Graz op"]
[Site "Graz"]
[Date "1995.??.??"]
[Round "5"]
[White "Teske, Henrik"]
[Black "Rabiega, Robert"]
[Result "1-0"]
[WhiteElo "2500"]
[BlackElo "2470"]

1.c4 e6 2.Nf3 d5 3.b3 Be7 4.Bb2 Bf6 5.Nc3 c5 6.g3 Nc6 7.Bg2 Nge7 8.O-O O-O
9.Qc2 b6 10.d3 Bb7 11.Rad1 a6 12.Rfe1 Qc7 13.cxd5 exd5 14.Rc1 Rad8 15.Na4 d4
16.a3 Ne5 17.Nxe5 Bxg2 18.Nc4 Bb7 19.Ncxb6 Qc6 20.f3 Bg5 21.Qxc5 Bxc1 22.Qxc1 Qe6
23.Nc4 Qf5 24.b4 Ng6 25.Nc5 Bd5 26.Nd2 Ba8 27.Ndb3 Qh3 28.Nxd4 Nh4 29.gxh4 Rd6
30.Kh1 Re8 31.Ne4 Rg6 32.Rg1 Qxh4 33.Nf5 Qh3 34.Qf4 f6 35.Nxg7  1-0

[Event "Graz op"]
[Site "Graz"]
[Date "1995.??.??"]
[Round "6"]
[White "Wegerer, Fred"]
[Black "Peisser, Manfred"]
[Result "1-0"]
[WhiteElo "2290"]
[BlackElo "2205"]

1.c4 e6 2.Nf3 d5 3.e3 Nf6 4.b3 Be7 5.Bb2 Nbd7 6.Qc2 c5 7.Be2 b6 8.O-O Bb7
9.d3 O-O 10.Nbd2 Qc7 11.h3 Rfe8 12.Rac1 Rac8 13.Rfd1 e5 14.cxd5 Nxd5 15.a3 Qb8
16.Qb1 Rc6 17.Nc4 Bd8 18.Ne1 Rce6 19.Bg4 R6e7 20.Bf3 b5 21.Nd2 f5 22.e4 Nf4
23.exf5 Bxf3 24.Nexf3 Ne2+ 25.Kf1 Nxc1 26.Rxc1 Rf7 27.g4 Qd6 28.Ne4 Qd5 29.Qc2 Bb6
30.Nfg5 Rfe7 31.Ke2 Rc8 32.Qc3 h6 33.Ne6 c4 34.bxc4 bxc4 35.Kf1 Rce8 36.Qxc4 Qxc4
37.Rxc4 Nf8 38.Nd6 Ra8 39.Nxf8 Kxf8 40.Re4 Bc5 41.Nc4 Rb8 42.Bxe5 Rb1+ 43.Ke2 Kg8
44.d4 Bb6 45.Re3 Rc1 46.Kd3 Rd7 47.Nxb6 axb6 48.Ke4 Rc4 49.Rb3 Ra4 50.f4 Rda7
51.Bd6 Rb7 52.Kd5 Kf7 53.Kc6 Raa7 54.Rb5 Kg8 55.d5 Rf7 56.Rxb6 Rf6 57.Kb5 Rd7
58.Kc5 Ra7 59.Kb4 Rd7 60.Rb8+ Kh7 61.Be5 Rff7 62.d6 Ra7 63.a4 Ra6 64.a5 Rfa7
65.g5 hxg5 66.fxg5  1-0

[Event "Groningen op"]
[Site "Groningen"]
[Date "1995.??.??"]
[Round "?"]
[White "Reschke, Stefan"]
[Black "Gyimesi, Zoltan"]
[Result "1/2-1/2"]
[WhiteElo "2380"]
[BlackElo "2525"]

1.c4 e6 2.Nf3 d5 3.b3 Nf6 4.Bb2 Be7 5.g3 b6 6.Bg2 Bb7 7.O-O O-O 8.e3 c5 9.Qe2 Nc6
10.Rd1 Rc8 11.Nc3 Ba6 12.d3 Qd7 13.Rd2 Rfd8 14.Qd1 Qc7 15.Rc1 dxc4 16.bxc4 Nd7
17.Ne1 Bf6  1/2-1/2

[Event "Wch U18"]
[Site "Guarapuava"]
[Date "1995.??.??"]
[Round "3"]
[White "Hagesaether, Paal Vegard"]
[Black "Gyimesi, Zoltan"]
[Result "0-1"]
[WhiteElo "2155"]
[BlackElo "2525"]

1.c4 e6 2.Nf3 d5 3.g3 dxc4 4.Qa4+ Nd7 5.Qxc4 c5 6.Bg2 a6 7.a4 b5 8.Qc2 Bb7
9.O-O Ngf6 10.b3 Be7 11.Bb2 O-O 12.Nc3 Qb6 13.d3 Rac8 14.axb5 axb5 15.Rfd1 Rfd8
16.e4 Nb8 17.e5 Ng4 18.Qe2 Nh6 19.Ne4 Bd5 20.Nfd2 Nc6 21.Qh5 Nf5 22.Qg4 Kh8
23.Nd6 Bxd6 24.exd6 Bxg2 25.Kxg2 Nfd4 26.Qh5 f5 27.Re1 Qb7 28.f3 Rxd6 29.Rac1 Rd5
30.b4 cxb4 31.Nf1 Ra8 32.Ne3 Rdd8 33.Nc2 Ra2 34.Nxd4 Nxd4 35.Rb1 Qc6 36.Kh3 Qxf3
37.Qg5 Rg8 38.Rf1 Rxb2  0-1

[Event "Wch U18"]
[Site "Guarapuava"]
[Date "1995.??.??"]
[Round "7"]
[White "Hagesaether, Paal Vegard"]
[Black "Delemarre, Jop"]
[Result "1-0"]
[WhiteElo "2155"]
[BlackElo "2320"]

1.c4 e6 2.Nf3 d5 3.b3 Nf6 4.Bb2 c6 5.g3 a5 6.Bg2 a4 7.Na3 Nbd7 8.O-O Bd6
9.d4 O-O 10.c5 Bc7 11.b4 Qe7 12.Nc2 b6 13.a3 bxc5 14.bxc5 Ba6 15.Nb4 Bb5
16.Rc1 e5 17.dxe5 Nxe5 18.Nd4 Rfb8 19.Nxb5 Rxb5 20.Bxe5 Bxe5 21.Nxc6 Qe8
22.Nxe5 Qxe5 23.c6 h5 24.c7 Rc8 25.Qxa4 Rb7 26.e3 Rbxc7 27.Rxc7 Rxc7 28.Rd1 Rc3
29.Bxd5 Ng4 30.Qa8+ Kh7 31.Bxf7 Nxf2 32.Qg8+ Kh6 33.Qh8+ Kg5 34.Qxh5+  1-0

[Event "Wch U18 Girls"]
[Site "Guarapuava"]
[Date "1995.??.??"]
[Round "8"]
[White "Pitam, Ela"]
[Black "Trofimova, Olga"]
[Result "1-0"]
[WhiteElo "2190"]
[BlackElo "2245"]

1.c4 e6 2.Nf3 d5 3.d4 c6 4.Qc2 Nf6 5.Nbd2 Nbd7 6.g3 Bd6 7.Bg2 O-O 8.O-O Re8
9.b3 Qe7 10.Bb2 e5 11.e4 dxe4 12.Nxe4 Nxe4 13.Qxe4 exd4 14.Qxd4 Qf8 15.Rad1 Bc5
16.Qd3 Be7 17.h3 a5 18.Nd4 Nc5 19.Qc2 Bf6 20.a3 Bd7 21.Bc3 g6 22.b4 axb4
23.axb4 Na4 24.Ba1 Nb6 25.c5 Nd5 26.Qd2 Qg7 27.Bb2 Ra2 28.Qc1 Nxb4 29.Rd2 Ra4
30.Qd1 Rea8 31.Qb3 h5 32.Rfd1 Qf8 33.Qf3 Bg7 34.Nb3 Be6 35.Bxg7 Qxg7 36.Rd8+ Kh7
37.Rxa8 Rxa8 38.Nd4 Bd5 39.Qc3 Bxg2 40.Kxg2 Nd5 41.Qb3 Ra7  1-0

[Event "Gyongyos op "]
[Site "Gyongyos"]
[Date "1995.??.??"]
[Round "?"]
[White "Radojevic, Zoran"]
[Black "Szecsenyi, Istvan"]
[Result "1/2-1/2"]
[WhiteElo "2300"]
[BlackElo "2020"]

1.c4 e6 2.Nf3 d5 3.g3 Nf6 4.Bg2 Be7 5.O-O O-O 6.b3 c5 7.Bb2 Nc6 8.cxd5 Nxd5
9.d4 Nxd4 10.Nxd4 cxd4 11.Bxd4 Bf6 12.e4 Bxd4 13.Qxd4 Ne7 14.Qe3 e5 15.Nc3 Nc6
16.Rad1 Qa5 17.Rd5 Qc7 18.Nb5 Qe7 19.Qc5 Qxc5 20.Rxc5 Rd8 21.Nc7 Rb8 22.Nd5 f6
23.Rxc6 bxc6 24.Ne7+ Kf8 25.Nxc6 Ba6 26.Re1 Rbc8 27.Nxd8 Rxd8 28.Bf1 Bb7
29.Bc4 Rd2 30.a4 Bc6 31.f3 Bd7 32.Re2 Rxe2 33.Bxe2 a5 34.Bc4 Ke7 35.Kf2 Kd6
36.Ke3 Kc5 37.f4 h6 38.h4 Bxa4  1/2-1/2

[Event "Gyongyos op "]
[Site "Gyongyos"]
[Date "1995.??.??"]
[Round "?"]
[White "Gyurkovics, Miklos"]
[Black "Vujosevic, Vladimir"]
[Result "0-1"]
[WhiteElo "2265"]
[BlackElo "2345"]

1.c4 e6 2.Nf3 d5 3.b3 Nf6 4.g3 c5 5.Bg2 Nc6 6.O-O d4 7.d3 e5 8.e3 Bd6 9.exd4 cxd4
10.Re1 O-O 11.a3 a5 12.Nbd2 Bf5 13.Ne4 Bxe4 14.dxe4 Nd7 15.Bf1 Qe7 16.Ng5 f6
17.Nh3 Nc5 18.f4 exf4 19.gxf4 Rae8 20.Bb2 Nxe4 21.c5 Bxc5 22.Bc4+ Kh8 23.Qh5 Qd6
24.Bd3 g6 25.Qh6 f5 26.Bxe4 fxe4 27.Ng5 Qd7 28.Rxe4 Rxe4 29.Nxe4 Qg4+ 30.Kh1 Qf3+
31.Kg1 Qxe4  0-1

[Event "Hajduboszormeny Knockout"]
[Site "Hajduboszormeny"]
[Date "1995.??.??"]
[Round "2"]
[White "Krutti, Valer"]
[Black "Savtchour, Fedor"]
[Result "1-0"]
[WhiteElo "2355"]
[BlackElo "2210"]

1.Nf3 e6 2.c4 d5 3.d4 c6 4.Qc2 f5 5.g3 Bd6 6.Bg2 Nf6 7.Ne5 dxc4 8.Nd2 Bxe5
9.dxe5 Nd5 10.Nxc4 O-O 11.O-O Nd7 12.f4 b5 13.Nd6 Qb6+ 14.Kh1 Ba6 15.Bd2 b4
16.Rfe1 Rab8 17.Rac1 c5 18.Qb3 Bb7 19.e4 fxe4 20.Bxe4 Bc6 21.f5 Nxe5 22.fxe6 Ne7
23.Bf4 N5g6 24.Be3 Bxe4+ 25.Nxe4 Qb7 26.Bxc5 Rfc8 27.Kg1 Rc6 28.Rcd1 Ne5
29.Rd7 Nxd7 30.exd7+ Kh8 31.Ng5 Rxc5 32.Nf7+ Kg8 33.d8=Q+ Rxd8 34.Nxd8+ Qd5
35.Rxe7 h6 36.Qxd5+ Rxd5 37.Nc6 Rd1+ 38.Kf2 Rh1 39.Kg2 Ra1 40.Rxa7 Rb1 41.b3 Rb2+
42.Kh3 g5 43.Kg4 Rxh2 44.Kf5 Kf8 45.Nxb4 Rg2 46.Kf6 Ke8 47.Nc6 Rxg3 48.Ne5 Kd8
49.Nf7+ Kc8 50.Nxh6 Kb8 51.Ra4 Kb7 52.Ng4 Kb6 53.Kxg5 Kb5 54.Kf4 Rg1 55.Ne3  1-0

[Event "Hajduboszormeny op"]
[Site "Hajduboszormeny"]
[Date "1995.??.??"]
[Round "7"]
[White "Juhasz, Laszlo"]
[Black "Varga, Laszlo"]
[Result "1/2-1/2"]
[WhiteElo "2160"]
[BlackElo "2185"]

1.c4 e6 2.Nf3 d5 3.d4 c5 4.cxd5 exd5 5.g3 Nf6 6.Bg2 Be7 7.O-O O-O 8.dxc5 Na6
9.c6 bxc6 10.Nc3 Re8 11.b3 Rb8 12.Bf4 Bd6 13.Bxd6 Qxd6 14.Rc1 Bd7 15.Qd2 h6
16.Rfd1 Rb4 17.Nd4 Rbb8 18.Nf3 Rb4 19.Nd4 Rbb8  1/2-1/2

[Event "Wichern op"]
[Site "Hamburg"]
[Date "1995.??.??"]
[Round "7"]
[White "Sher, Miron N"]
[Black "Boe, Mads"]
[Result "1-0"]
[WhiteElo "2510"]
[BlackElo "2345"]

1.c4 e6 2.Nf3 d5 3.d4 f5 4.Nc3 Nf6 5.Bf4 c6 6.e3 Be7 7.Qc2 O-O 8.Bd3 Bd7
9.h3 Ne4 10.g4 Na6 11.a3 Qa5 12.Ke2 Nxc3+ 13.Qxc3 Qd8 14.Rhg1 Bf6 15.c5 Nc7
16.Rg3 Ne8 17.Rag1 Kh8 18.Qc2 g6 19.gxf5 exf5 20.Be5 Ng7 21.Bd6 Be7 22.Bxe7 Qxe7
23.Ne5 Be8 24.f4 Nh5 25.Rg5 Nf6 26.Qc3 Rb8 27.b4 Ne4 28.Bxe4 fxe4 29.h4 Rf5
30.Qe1 Rxg5 31.hxg5 Bd7 32.Rh1 Kg8 33.Qc3 Ra8 34.Qb3 a6 35.a4 Kg7 36.Kf2 Kg8
37.b5 axb5 38.axb5 Qe6 39.bxc6 Bxc6 40.Kg3 Ra5 41.Qb6  1-0

[Event "Harkany op "]
[Site "Harkany"]
[Date "1995.??.??"]
[Round "?"]
[White "Muchtarov, L."]
[Black "Fancsy, Imre"]
[Result "1-0"]
[WhiteElo "2205"]
[BlackElo "2375"]

1.c4 e6 2.Nf3 d5 3.g3 dxc4 4.Qa4+ Nd7 5.Bg2 a6 6.Nc3 Nf6 7.O-O Be7 8.Qxc4 b5
9.Qb3 Bb7 10.d3 c5 11.a4 b4 12.Nb1 a5 13.Nbd2 Nb6 14.Qc2 Rc8 15.Re1 O-O 16.e4 Nfd7
17.b3 Nb8 18.Nc4 Nxc4 19.dxc4 f6 20.Bb2 Qb6 21.Bh3 Rfd8 22.Nh4 Rd7 23.Ng2 Rcd8
24.Re2 Bc8 25.Rae1 Kf7 26.e5 f5 27.Bxf5 g6 28.Bxe6+ Qxe6 29.Nf4 Qc6 30.e6+ Kg8
31.exd7 Bb7 32.Nd5 Bf8 33.Re8 Rxd7 34.R1e6 Rd6 35.Ne7+ Kf7 36.Nxc6 Rxe6 37.Rxe6 Kxe6
38.Nd8+ Kd7 39.Nxb7 Kc7 40.Qe4 Nc6  1-0

[Event "Hastings op9495"]
[Site "Hastings"]
[Date "1995.??.??"]
[Round "3"]
[White "Webster, Andrew"]
[Black "Cunningham, Robin"]
[Result "1-0"]
[WhiteElo "2410"]
[BlackElo "2335"]

1.c4 e6 2.Nf3 d5 3.b3 Nf6 4.g3 Be7 5.Bg2 c5 6.e3 Nc6 7.Bb2 O-O 8.O-O b6 9.Nc3 Bb7
10.cxd5 exd5 11.d4 Ne4 12.dxc5 Bf6 13.Qc1 Nxc5 14.Rd1 Nb4 15.Qb1 Rc8 16.a3 Bxc3
17.Bxc3 Nc6 18.Qb2 f6 19.Ne1 Ne7 20.Nd3 Qe8 21.Nf4 Qf7 22.a4 Rfd8 23.a5 d4
24.exd4 Bxg2 25.dxc5 Bf3 26.Rxd8+ Rxd8 27.cxb6 axb6 28.a6 Nf5 29.Qc2 Qd7
30.b4 g5 31.Qb3+ Kg7 32.Bxf6+ Kxf6 33.Qxf3 gxf4 34.a7 Nd4 35.Qxf4+ Kg7 36.Qe5+ Kf7
37.Qe4  1-0

[Event "Hillerod Politiken"]
[Site "Hillerod"]
[Date "1995.??.??"]
[Round "1"]
[White "Nielsen, Uffe V"]
[Black "Schandorff, Lars"]
[Result "0-1"]
[WhiteElo "2370"]
[BlackElo "2450"]

1.c4 e6 2.Nf3 d5 3.d4 c6 4.cxd5 exd5 5.Nc3 Bf5 6.Bf4 Nf6 7.a3 Bd6 8.Bxd6 Qxd6
9.e3 Nbd7 10.Bd3 Bxd3 11.Qxd3 O-O 12.O-O Rfe8 13.Qf5 g6 14.Qg5 a5 15.b3 Rac8
16.Ne2 Ne4 17.Qh6 Qe7 18.Nf4 Nf8 19.Rfd1 Rcd8 20.Nd3 f6 21.Nd2 Nd6 22.g4 Ne6
23.Qh3 Nb5 24.b4 Nc3 25.Re1 Ne4 26.Nf1 Ra8 27.Qg2 Ra7 28.f3 Nd6 29.Qf2 Rea8
30.Rad1 axb4 31.axb4 Ra2 32.Rd2 Rxd2 33.Nxd2 Ra2 34.Re2 Kg7 35.Kf1 b6 36.Nb3 Ra3
37.Nbc1 Nb5 38.Ra2 Rxa2 39.Nxa2 Qa7 40.Qc2 Qd7 41.Nc3 Na3 42.Qa2 Nc4 43.Nd1 Ng5
44.Kg2 h5 45.h3 Qe7 46.Qe2 hxg4 47.hxg4 Kf7 48.b5 Ne6 49.bxc6 Nxd4 50.c7 Nxe2
51.c8=Q Nxe3+ 52.Nxe3 Qxe3 53.Qd7+ Kf8 54.Qd8+ Kg7 55.Qc7+ Kh6 56.Qh2+ Kg5
57.Nf2 Nf4+ 58.Kg3 Ne2+ 59.Kg2 Qe5 60.Nh3+ Kh6 61.f4 Qe4+ 62.Kf1 Qf3+ 63.Ke1 Qg3+
64.Qxg3 Nxg3 65.Kd2 f5 66.gxf5 Nxf5 67.Ng5 Kh5 68.Ne6 Kg4 69.Kd3 Ne7 70.Ke3 b5
71.Kd4 b4 72.Nc5 Kxf4 73.Nd3+ Kf3 74.Nxb4 g5 75.Nd3 g4 76.Ne5+ Kf4 77.Nd3+ Kf3
78.Ne5+ Kg3 79.Kc5 Kh3 80.Kd6 g3 81.Kxe7 g2 82.Nf3 d4 83.Ke6 d3 84.Ke5 d2
85.Nxd2 g1=Q 86.Ne4  0-1

[Event "HUN-chT1"]
[Site "HUN"]
[Date "1995.??.??"]
[Round "?"]
[White "Forintos, Gyozo V"]
[Black "Gyimesi, Zoltan"]
[Result "1/2-1/2"]
[WhiteElo "2485"]
[BlackElo "2500"]

1.c4 e6 2.Nf3 d5 3.b3 c5 4.e3 Nf6 5.Bb2 b6 6.g3 Bb7 7.Bg2 Bd6 8.O-O O-O 9.Qc2 Nbd7
10.d3 Qe7 11.Nc3  1/2-1/2

[Event "HUN-chT2 9495"]
[Site "HUN"]
[Date "1995.??.??"]
[Round "?"]
[White "Emodi, Gyula"]
[Black "Krizsany, Laszlo"]
[Result "1/2-1/2"]
[WhiteElo "2410"]
[BlackElo "2440"]

1.c4 e6 2.Nf3 d5 3.g3 Nf6 4.Bg2 Be7 5.b3 O-O 6.Bb2 b6 7.O-O Bb7 8.d3 c5 9.e3 Nbd7
10.Qe2 Qc7  1/2-1/2

[Event "HUN-chT2 9596"]
[Site "HUN"]
[Date "1995.??.??"]
[Round "5"]
[White "Hardicsay, Peter"]
[Black "Boguszlavszky, Jevgenyij"]
[Result "1/2-1/2"]
[WhiteElo "2365"]
[BlackElo "2350"]

1.c4 e6 2.Nf3 d5 3.g3 Nf6 4.Bg2 Nc6 5.b3 e5 6.cxd5 Nxd5 7.Bb2 f6 8.O-O Be6
9.a3 Qd7 10.b4 Bh3 11.Nc3  1/2-1/2

[Event "Ilioupolis"]
[Site "Ilioupolis"]
[Date "1995.??.??"]
[Round "8"]
[White "Moutousis, Konstantinos"]
[Black "Atalik, Suat"]
[Result "1/2-1/2"]
[WhiteElo "2465"]
[BlackElo "2500"]

1.c4 e6 2.Nf3 d5 3.e3 Nf6 4.a3 Be7 5.Nc3 c5 6.d4 cxd4 7.exd4 O-O 8.Bd3 dxc4
9.Bxc4 Bd7 10.O-O Bc6 11.Ne5 Nbd7 12.Nxc6 bxc6 13.Re1 Nb6 14.Ba2 Qd6 15.Ne2 Nbd5
16.Ng3 Rfd8 17.Qf3 a5 18.Bd2 Rdb8 19.Rab1 Rb6 20.Rec1 Qb8 21.Rc2 Ra7 22.Nf1 Rab7
23.Bc1 Ne8 24.Ra1 Nd6 25.Qd3 Nf5 26.Ng3 Nxg3 27.hxg3 Rd7 28.Bd2 a4 29.Rac1 Rxb2
30.Rxc6 Rxa2 31.Rc8+ Rd8 32.Rxb8 Rxb8 33.Bf4 Nxf4 34.gxf4 Bxa3 35.Rc6 g6
36.d5 exd5 37.Qxd5 Ra1+ 38.Kh2 Bb2 39.f5 gxf5 40.Qxf5 Bg7 41.Rc4 Re1 42.Rxa4 Re6
43.g3 Rf6 44.Qc2 Re8 45.Kg2 Rg6 46.Qf5 Rf6 47.Qd7 Rb8 48.Rh4 Rg6 49.Rf4 Rf8
50.Rf3 Bf6 51.Rb3 Kg7 52.Rb7 h5 53.Kh3 Rg4 54.f4 Rg6 55.Qc7 Rh6 56.Kg2 Rg6
57.Kf3 Rh6 58.Qc4 Rg6 59.Qd5 Rh6 60.Rd7 Rh7 61.Qf5 Rh6 62.Rb7 Rg8 63.Qh3 Rd8
64.Rb5 h4 65.Rb3 hxg3 66.Qxg3+ Rg6 67.Qh3 Re8 68.Qd7 Rd8 69.Qf5 Rd2 70.Rb6 Rf2+
71.Kxf2 Bd4+ 72.Kf3 Rxb6 73.Qd7 Bb2 74.Qd2 Bf6 75.Qg2+ Kf8 76.Ke4 Bg7 77.f5 Rd6
78.Qg3 Rd4+ 79.Ke3 Bf6 80.Qg2 Rh4 81.Qd5 Kg7 82.Qd6 Bg5+ 83.Kd3 f6 84.Qe7+ Kg8  1/2-1/2

[Event "Kemerovo2"]
[Site "Kemerovo"]
[Date "1995.??.??"]
[Round "6"]
[White "Serper, Grigory"]
[Black "Trofimova, Olga"]
[Result "1-0"]
[WhiteElo "2560"]
[BlackElo "2245"]

1.c4 e6 2.Nf3 d5 3.d4 c6 4.Qc2 Nf6 5.Bg5 h6 6.Bxf6 Qxf6 7.e3 Nd7 8.Nc3 Bd6
9.Be2 O-O 10.h4 Qe7 11.g4 g6 12.O-O-O dxc4 13.g5 h5 14.Bxc4 Nb6 15.Ne4 Nxc4
16.Qxc4 b6 17.Ne5 Bb7 18.Nd7 Rfd8 19.Ndf6+ Kf8 20.Nxd6 Rxd6 21.Rhe1 Rc8 22.e4 Rdd8
23.f4 Qd6 24.f5 c5 25.d5 Qf4+ 26.Kb1 gxf5 27.dxe6 Bxe4+ 28.Ka1 Rxd1+ 29.Rxd1 Qf3
30.e7+ Kg7 31.Rf1 Qh3 32.e8=Q Rxe8 33.Nxe8+ Kf8 34.Nd6  1-0

[Event "Kemerovo2"]
[Site "Kemerovo"]
[Date "1995.??.??"]
[Round "12"]
[White "Permiakov, Vladimir"]
[Black "Shuraev, Andrei"]
[Result "1-0"]
[WhiteElo "2330"]
[BlackElo "2395"]

1.c4 e6 2.Nf3 d5 3.g3 Nf6 4.Bg2 c5 5.O-O Nc6 6.cxd5 Nxd5 7.d4 Be7 8.dxc5 Bxc5
9.Qc2 Bb6 10.a3 O-O 11.Rd1 Qc7 12.e4 Nde7 13.Nc3 a6 14.Na4 Ba7 15.Bf4 Qa5
16.Bd6 Re8 17.e5 h6 18.b4 Qd8 19.Bc5 Nd5 20.Bxa7 Nxa7 21.Nc5 b6 22.Ne4 Re7
23.Rac1 Bb7 24.Nd6 Nb5 25.Nxb5 axb5 26.Qb2 Rc8 27.Nd4 Rec7 28.Nxb5 Rxc1 29.Rxc1 Rxc1+
30.Qxc1 Ba6 31.Nd6 Qc7 32.Qxc7 Nxc7 33.f4 Bd3 34.Kf2 Kf8 35.Ke3 Bc2 36.Bc6 Bb3
37.Kd4  1-0

[Event "Kishinev Interzonal (Women)"]
[Site "Kishinev"]
[Date "1995.??.??"]
[Round "8"]
[White "Bobrowska, Monika"]
[Black "Shumiakina, Tatiana"]
[Result "1/2-1/2"]
[WhiteElo "2310"]
[BlackElo "2345"]

1.c4 e6 2.Nf3 d5 3.d4 c6 4.cxd5 exd5 5.Qc2 Bd6 6.Nc3 Ne7 7.Bg5 Bg4 8.Nd2 Qd7
9.e4 h6 10.Bxe7 Bxe7 11.f3 Bh5 12.exd5 O-O 13.Bc4 Bf6 14.O-O-O Bxd4 15.dxc6 Qxc6
16.Bd5 Qa6 17.Nde4 Bxc3 18.Nxc3 Bg6 19.Be4 Bxe4 20.Qxe4 Nc6 21.Rd6 Rad8 22.Rxd8 Rxd8
23.Rd1 Qa5 24.Kb1 Qg5 25.f4 Qh5 26.h3 Rd4 27.Qc2 Rd2 28.Qe4 Qh4 29.Ne2 Qh5  1/2-1/2

[Event "GER-ch U20"]
[Site "Leipzig"]
[Date "1995.??.??"]
[Round "1"]
[White "Wilhelmi, Christian"]
[Black "Ellers, Holger"]
[Result "1/2-1/2"]
[WhiteElo "2315"]
[BlackElo "2360"]

1.c4 e6 2.Nf3 d5 3.e3 Nf6 4.b3 c5 5.Be2 Nc6 6.O-O Bd6 7.Bb2 O-O 8.d3 Qe7
9.Nc3 Rd8 10.Qc2 a6 11.Rfe1 Rb8 12.Bf1 Qc7 13.h3 dxc4 14.dxc4 b6 15.Ne4 Nxe4
16.Qxe4 f5 17.Qh4 Be7 18.Qh5 g6 19.Qh6 Bf8 20.Qf4 Bd6 21.Qh4 Bb7 22.Qf6 e5
23.Rad1 Qe7 24.Qxe7 Bxe7 25.Nxe5 Nxe5 26.Bxe5 Rbc8 27.Be2 Kf7 28.Kf1 Ke6
29.Rxd8 Rxd8 30.Bc3 Bd6 31.Rd1 Re8 32.Bd3 Bc6 33.Be2 Be5 34.Bxe5 Kxe5 35.Bf3 Rc8
36.Bxc6 Rxc6 37.Rd8 b5 38.Rb8 bxc4 39.bxc4 g5 40.Ke2 f4 41.Re8+ Kf6 42.exf4 gxf4
43.Kf3 Rd6 44.Rc8 Rd3+ 45.Kxf4 Rd4+ 46.Ke3 Rxc4 47.Rc6+ Ke5 48.Rxa6 Rc2 49.Ra8 Kd5
50.Rd8+ Kc4 51.Rd2 Kc3 52.Rd3+ Kb2 53.a4 c4 54.Rd1 Kb3 55.a5 Ra2 56.Rb1+ Kc2
57.Rb5 c3 58.f4 Kd1 59.Rb1+ Kc2 60.Rf1 Rxa5 61.g4 Kb2 62.g5 c2 63.h4 Ra1
64.Rf2 Kc3 65.Rxc2+ Kxc2 66.h5 Kc3 67.Ke4 Kc4 68.g6 hxg6 69.hxg6 Re1+ 70.Kf5 Kd5
71.Kf6 Rf1 72.g7 Rg1 73.Kf7  1/2-1/2

[Event "Linares zt"]
[Site "Linares"]
[Date "1995.??.??"]
[Round "1"]
[White "Kelly, Bryan"]
[Black "Sosonko, Gennadi"]
[Result "1/2-1/2"]
[WhiteElo "2300"]
[BlackElo "2525"]

1.c4 e6 2.Nf3 d5 3.d4 Nf6 4.Nc3 Bb4 5.cxd5 exd5 6.Bg5 Nbd7 7.e3 c5 8.Qc2 Qa5
9.Bd3 c4 10.Bf5 O-O 11.O-O Re8 12.Nd2 g6 13.Bh3 Bxc3 14.bxc3 Ne4 15.Nxe4 dxe4
16.Bxd7 Bxd7 17.Bf4 Bc6 18.Rfb1 Qd5 19.Qb2 Re6 20.Qb4 g5 21.Bc7 Rc8 22.Qa5 Qxa5  1/2-1/2

[Event "Linz"]
[Site "Linz"]
[Date "1995.??.??"]
[Round "4"]
[White "Teske, Henrik"]
[Black "Meister, Yakov"]
[Result "1/2-1/2"]
[WhiteElo "2465"]
[BlackElo "2450"]

1.c4 e6 2.Nf3 d5 3.g3 dxc4 4.Qa4+ Nd7 5.Bg2 a6 6.Nc3 Nf6 7.O-O Be7 8.Qxc4 b5
9.Qb3 Bb7 10.d3 O-O 11.Be3 c5 12.Rfc1 Ng4 13.Bd2 Qb6 14.Qd1 c4 15.d4 b4 16.Na4 Qb5
17.e3 Rac8 18.a3 a5 19.axb4 axb4 20.Qe2 Ba6 21.Be1 Ngf6 22.Bf1 Bb7 23.Nd2 e5
24.Rxc4 Qd5 25.f3 Ba6 26.Nb6 Nxb6 27.Rxa6 Nxc4 28.Nxc4 exd4 29.Nb6 Qe5 30.Nxc8 Rxc8
31.exd4 Qxd4+ 32.Bf2 Qd8 33.Qe5 Bf8 34.Ra1 h6 35.b3 Nh7 36.Bc4 Ng5 37.Qf5 Rxc4
38.bxc4 g6 39.Qd5 Qf6 40.Ra8 Nxf3+ 41.Kg2 Ng5 42.c5 Ne6 43.Rb8 h5 44.Rb7 h4
45.Be3 Qb2+ 46.Qd2 Qxd2+ 47.Bxd2 Nxc5 48.Rxb4 hxg3 49.hxg3 Ne6 50.Rb7 Bg7
51.Be3 Bd4 52.Bc1 Kg7 53.Rd7 Bf6 54.Be3 Nf8 55.Rd5 Ne6 56.Kf3 Bb2 57.Ke4 f5+
58.Kf3 Kf6 59.g4 fxg4+ 60.Kxg4 Be5 61.Kf3 Kf5 62.Ra5 g5 63.Bf2 g4+ 64.Ke3 Nf4
65.Bg3 Ng2+ 66.Kf2 Nf4 67.Bh2 Ke4 68.Ra4+ Kf5 69.Ra5 Ke4 70.Rxe5+  1/2-1/2